Judikatura Soudního dvora ES v oblasti DPH

Gespeichert in:
Bibliographische Detailangaben
1. Verfasser: Brejcha, Petr
Format: Buch
Sprache:Tschechisch
Veröffentlicht: [Hradec Králové] CENTURY CZ [2006]
Schlagworte:
Tags: Tag hinzufügen
Keine Tags, Fügen Sie das erste Tag hinzu!

MARC

LEADER 00000nam$a2200000$$$4500
001 0076518
005 20240313085930.8
041 0 |a cze 
044 |a CZ 
245 1 0 |a Judikatura Soudního dvora ES v oblasti DPH  |c Petr Brejcha 
264 1 |a [Hradec Králové]  |b CENTURY CZ  |c [2006] 
300 |a 448 s. 
610 2 0 |a právo európske 
610 2 0 |a právo komunitárne 
610 2 0 |a Európska únia 
610 2 0 |a Európske spoločenstvá 
610 2 0 |a Európsky súdny dvor 
610 2 0 |a súdy 
610 2 0 |a dane z hodnoty pridanej 
100 1 |a Brejcha, Petr